00428 2200169 4500001002100000005001500021008004100036035001900077041000700096082000800103090001400111100001800125245003200143260003100175300003000206650002200236INLIS00000000000309020241224112646241224||||||||| | ||| |||| || |  0010-1224003090 aid0 a813 a813 AST m0 aAstri Lestari00aMeniti Karir Membina Mental aBogorbSurba Indah Mandiri a104 hlm. : ilus, ; 20 cm. 0aIlmu Kesusastraan